LEADER 01148naa a2200229 u 4500 001 000000096261 003 CaOOAMICUS 005 20070226130145.0 008 040924s1985 gw u000 u ger u 020 $a3110105314 035 $a11008471 040 $aIAR$bita 100 1 $aBerg, Dieter.$0(OLS)http://pul/name/61431 245 10$aKreuzzugsbewegung und Propagatio Fidei :$bDas Problem der Franziskanermission im 13. Jahrhundert und das Bild von der islamischen Welt in der zeitgenössischen Ordenshistoriographie /$cDieter Berg. 260 $aBerlin :$bW. de Gruyter,$c1985. 300 $aS. 59-76, ;$c25 cm 773 0 $aOrientalische Kultur und europäisches Mittelalter. 773 0 $aMiscellanea mediaevalia.$g17 773 0 $tOrientalische Kultur und europäisches Mittelalter$w()2374 996 $6020$a3110105314$9(OLS)http://pul/number/3169 996 $6245$aKreuzzugsbewegung und Propagatio Fidei :$bDas Problem der Franziskanermission im 13. Jahrhundert und das Bild von der islamischen Welt in der zeitgenössischen Ordenshistoriographie$9(OLS)http://pul/title/123137 996 $6260$aBerlin :$bW. de Gruyter$9(OLS)http://pul/publisher/48032 LEADER 02011nam a2200349 u 4500 001 000000085302 003 CaOOAMICUS 005 20070226124155.0 008 050805s1929 it u000 u lat u 035 $a11057103 040 $aPUL(R)$bita 100 1 $aMaroto, Filippo.$0(OLS)http://pul/name/56045 245 10$aDe extraordinario Iubilaeo anni 1929. Brevis expositio Constitutionis Apostolicae "Auspicantibus", qua Iubilaeum Universale extra Ordinem ad totum annum MCMXXIX indicitur /$cPhilippus Maroto. 260 $aRoma :$bTip. Pol. "Cuore di Maria",$c1929. 300 $a87 p. ;$c25 cm 490 1 $aBibliotheca "Commentarii pro religiosis".$aSectio iuridica ;$v2 504 $aBibliografia in nota. 650 4$aGiubilei cristiani.$0(OLS)http://pul/subject/5723 700 0 $aPius PP.$bXI,$d1857-1939.$0(OLS)http://pul/name/12322 740 02$aBrevis expositio Constitutionis Apostolicae "Auspicantibus", qua Iubilaeum Universale extra ordinem ad totum annum MCMXXIX indicitur. 830 0$aBibliotheca "Commentarii pro religiosis".$pSectio iuridica ;$v2.$0(OLS)http://pul/title/110721 850 $aPUL 852 $aPUL$W1$xDP1 Fondo Cecchetti$y53$m272 F 29$j108397$nBK-PRI$b $qFondi$B108397$CPULBib$Z2$F108397 $HPUL6645 $81 900 $aPio$bXI,$cpapa,$d1857-1939$912322 900 $aRatti, Achille,$d1857-1939$912322 910 $aPapi (1922-1939 : Pius PP. XI)$912322 910 $aPapi (1922-1939 : Pius PP. XI)$912322 941 1 $a1 960 $aAnni santi$95723 996 $6245$aDe extraordinario Iubilaeo anni 1929. Brevis expositio Constitutionis Apostolicae "Auspicantibus", qua Iubilaeum Universale extra Ordinem ad totum annum MCMXXIX indicitur$9(OLS)http://pul/title/110720 996 $6740$aBrevis expositio Constitutionis Apostolicae "Auspicantibus", qua Iubilaeum Universale extra ordinem ad totum annum MCMXXIX indicitur$9(OLS)http://pul/title/110722 996 $6260$aRoma :$bTip. Pol. "Cuore di Maria"$9(OLS)http://pul/publisher/77083